Medidas alternativas de la pobreza por ingresos para el Gran Buenos Aires 1980-1995 (Registro nro. 24937)
[ vista simple ]
| 000 -LEADER | |
|---|---|
| fixed length control field | 00404 a2200121 4500 |
| 001 - CONTROL NUMBER | |
| control field | ART_47171 |
| 005 - DATE AND TIME OF LATEST TRANSACTION | |
| control field | 20260410161850.0 |
| 008 - FIXED-LENGTH DATA ELEMENTS--GENERAL INFORMATION | |
| fixed length control field | 260409a |
| 100 1# - MAIN ENTRY--PERSONAL NAME | |
| Personal name | Albornoz Crespo, Facundo |
| 245 10 - TITLE STATEMENT | |
| Title | Medidas alternativas de la pobreza por ingresos para el Gran Buenos Aires 1980-1995 |
| 700 1# - ADDED ENTRY--PERSONAL NAME | |
| Personal name | Petrecolla, Diego |
| 773 0# - HOST ITEM ENTRY | |
| Title | Económica |
| Related parts | - Año XLII, Nº 1/2 (ene. 1996) |
| Record control number | REV7541 |
No hay ítems disponibles.